Alle Vereine, gegen die Hans Jörg Butt getroffen hat - Statistiken

Allgemein
  • Dieses Quiz wurde 93 mal gespielt
  • Das Durchschnittsergebnis liegt bei 9 aus 24
Antwortstatistiken
Titel Wettbewerb Land Tore Verein % Korrekt
Alle Vereine, gegen die Hans Jörg Butt getroffen hat 3 FC Schalke 04
88%
Alle Vereine, gegen die Hans Jörg Butt getroffen hat UEFA Champions League ITA 3 Juventus Turin
61%
Alle Vereine, gegen die Hans Jörg Butt getroffen hat 1 FC Bayern München
60%
Alle Vereine, gegen die Hans Jörg Butt getroffen hat 1 SV Werder Bremen
55%
Alle Vereine, gegen die Hans Jörg Butt getroffen hat Bundesliga 4 VfB Stuttgart
54%
Alle Vereine, gegen die Hans Jörg Butt getroffen hat 1 Borussia Dortmund
51%
Alle Vereine, gegen die Hans Jörg Butt getroffen hat 3 Hertha BSC
51%
Alle Vereine, gegen die Hans Jörg Butt getroffen hat Ligapokal 1 Hertha BSC
51%
Alle Vereine, gegen die Hans Jörg Butt getroffen hat 1 1. FC Köln
45%
Alle Vereine, gegen die Hans Jörg Butt getroffen hat 1 TSV 1860 München
45%
Alle Vereine, gegen die Hans Jörg Butt getroffen hat 1 Eintracht Frankfurt
43%
Alle Vereine, gegen die Hans Jörg Butt getroffen hat 1 FC Hansa Rostock
43%
Alle Vereine, gegen die Hans Jörg Butt getroffen hat Bundesliga 2 VfL Wolfsburg
43%
Alle Vereine, gegen die Hans Jörg Butt getroffen hat 1 SC Freiburg
41%
Alle Vereine, gegen die Hans Jörg Butt getroffen hat 2 Borussia Mönchengladbach
40%
Alle Vereine, gegen die Hans Jörg Butt getroffen hat 1 1. FC Nürnberg
39%
Alle Vereine, gegen die Hans Jörg Butt getroffen hat 2 1. FC Kaiserslautern
37%
Alle Vereine, gegen die Hans Jörg Butt getroffen hat 1 VfL Bochum
37%
Alle Vereine, gegen die Hans Jörg Butt getroffen hat 1 MSV Duisburg
31%
Alle Vereine, gegen die Hans Jörg Butt getroffen hat Regionalliga Nord 2 FC St. Pauli II
24%
Alle Vereine, gegen die Hans Jörg Butt getroffen hat 1 Tennis Borussia Berlin
4%
Alle Vereine, gegen die Hans Jörg Butt getroffen hat 1 BV Cloppenburg
2%
Alle Vereine, gegen die Hans Jörg Butt getroffen hat 1 Lüneburger SK Hansa
2%
Alle Vereine, gegen die Hans Jörg Butt getroffen hat 3. Liga 1 VfR Aalen
1%
Keine übereinstimmenden Quizze gefunden
Verteilung der Resultate
Anzahl Personen mit jedem Resultat
Perzentil nach korrekt beantworteten Fragen
Ihre Resultats-Entwicklung
Sie haben dieses Quiz noch nicht gespielt